An empirical investigation in the theory of consumer behavior / (Record no. 77197)
[ view plain ]
| 000 -LEADER | |
|---|---|
| fixed length control field | 00799nam a22002297a 4500 |
| 001 - CONTROL NUMBER | |
| control field | 77197 |
| 003 - CONTROL NUMBER IDENTIFIER | |
| rucl marc code | BD-RjUL |
| 005 - DATE AND TIME OF LATEST TRANSACTION | |
| control field | 20211209082937.0 |
| 008 - FIXED-LENGTH DATA ELEMENTS--GENERAL INFORMATION | |
| fixed length control field | 200302r19841980enk||||| |||| 00| 0 eng d |
| 035 ## - SYSTEM CONTROL NUMBER | |
| System control number | (BD-RjUL)77421 |
| 040 ## - CATALOGING SOURCE | |
| Original cataloging agency | BD-RjUL |
| Language of cataloging | eng |
| Transcribing agency | BD-RjUL |
| 041 ## - LANGUAGE CODE | |
| Language code of text/sound track or separate title | eng |
| 082 ## - DEWEY DECIMAL CLASSIFICATION NUMBER | |
| Edition number | 23 |
| Classification number | 658.8342 |
| Author mark and year | TAE 1984 |
| 100 ## - MAIN ENTRY--PERSONAL NAME | |
| Personal name | Tabibian, Mohammad. |
| 9 (RLIN) | 240222 |
| 245 ## - TITLE STATEMENT | |
| Title | An empirical investigation in the theory of consumer behavior / |
| Statement of responsibility, etc. | by Mohammad Tabibian. |
| 260 ## - PUBLICATION, DISTRIBUTION, ETC. (IMPRINT) | |
| Place of publication, distribution, etc. | Ann Arbor, Mich. : |
| Name of publisher, distributor, etc. | University Microfilms International, |
| Date of publication, distribution, etc. | 1984. |
| 300 ## - PHYSICAL DESCRIPTION | |
| Pagination | ix, 115 pages : |
| Illustrations | illustrations ; |
| Size | 21 cm. |
| 500 ## - GENERAL NOTE | |
| General note | Reproduction of thesis (Ph. D.) - Duke University, Durham, N.C., 1980. |
| 650 ## - SUBJECT ADDED ENTRY--TOPICAL TERM | |
| Topical term or geographic name as entry element | Consumer behavior |
| 9 (RLIN) | 240223 |
| Topical term or geographic name as entry element | Consumers |
| General subdivision | Mathematical models |
| 9 (RLIN) | 240224 |
| 942 ## - ADDED ENTRY ELEMENTS (KOHA) | |
| Source of classification or shelving scheme | Dewey Decimal Classification |
| Koha item type | Books |
| Lost status | Source of classification or shelving scheme | Damaged status | Not for loan | Collection code | Permanent Location | Current Location | Shelving location | Date acquired | Source of acquisition | Total Checkouts | Full call number | Date last seen | Copy number | Koha item type |
|---|---|---|---|---|---|---|---|---|---|---|---|---|---|---|
| Dewey Decimal Classification | Not For Loan | Non-fiction | Central Library, University of Rajshahi | Central Library, University of Rajshahi | Reading Room | 13/02/1985 | 40.65 | 658.8342 TAE 1984 | 02/03/2020 | C-1 | Books |